Indian public finaces / (Record no. 11901)
[ view plain ]
| 000 -LEADER | |
|---|---|
| fixed length control field | 00354cam a2200145ua 4500 |
| 041 ## - LANGUAGE CODE | |
| Language code of text/sound track or separate title | eng |
| 082 ## - DEWEY DECIMAL CLASSIFICATION NUMBER | |
| Classification number | 336 |
| Item number | BHA/IN |
| 100 ## - MAIN ENTRY--AUTHOR NAME | |
| Personal name | Bhargava, R.N . |
| 245 ## - TITLE STATEMENT | |
| Title | Indian public finaces / |
| 260 ## - PUBLICATION, DISTRIBUTION, ETC. (IMPRINT) | |
| Place of publication | : |
| Name of publisher | George Allen & Unwin Ltd , |
| Year of publication | 1962. |
| 300 ## - PHYSICAL DESCRIPTION | |
| Number of Pages | 263 ; |
| Accompanying material | `. |
| 942 ## - ADDED ENTRY ELEMENTS (KOHA) | |
| Koha item type | Books |
| Withdrawn status | Lost status | Damaged status | Home library | Current library | Date acquired | Full call number | Accession Number | Koha item type |
|---|---|---|---|---|---|---|---|---|
| Withdrawn | KAUAET | Sanskrit University | 07/04/2012 | 336 | 9758 | Books |
